[Event "Montevideo Duchamp Cup 7th"]
[Site "Montevideo"]
[Date "2024.02.01"]
[Round "1"]
[White "Piriz, Facundo"]
[Black "Barandiaran, Gabriel"]
[Result "1/2-1/2"]
[WhiteElo "1331"]
[BlackElo "1814"]
[PlyCount "99"]
[EventDate "2024.02.01"]
[EventType "swiss"]
[EventRounds "9"]
[EventCountry "URU"]
[SourceTitle "CB07_2024"]
[SourceDate "2024.02.14"]
[SourceVersion "1"]
[SourceVersionDate "2024.02.14"]
[SourceQuality "1"]

1. d4 d5 2. c4 c6 3. Nc3 dxc4 4. e3 Bf5 5. Bxc4 e6 6. e4 Bg6 7. Nf3 Nf6 8. Bg5 Be7 9. Qc2 0-0 10. 0-0 Qc7 11. Bd3 Re8 12. Rac1 a6 13. Qd2 Nbd7 14. Bf4 Qa5 15. Nd5 Qxd2 16. Nxe7+ Rxe7 17. Nxd2 e5 18. dxe5 Nxe5 19. Bb1 Nfd7 20. Nc4 Nxc4 21. Rxc4 f6 22. Rb4 b5 23. f3 Bf7 24. Bd6 Ree8 25. Rc1 Bc4 26. Rbxc4 bxc4 27. Rxc4 Ne5 28. Bxe5 fxe5 29. Rxc6 Rac8 30. Rxc8 Rxc8 31. Bd3 a5 32. b3 Kf8 33. Bc4 Ke7 34. Kf2 Kd6 35. Ke3 Kc5 36. a3 a4 37. g3 axb3 38. Bxb3 Kd6 39. Kd3 g5 40. a4 Rc1 41. Bc4 Rh1 42. h4 gxh4 43. gxh4 Rxh4 44. a5 Rf4 45. Ke3 h5 46. a6 Kc7 47. Kf2 Kb6 48. Bf1 h4 49. Ke3 Ka7 50. Kf2 1/2-1/2